00452nam a22001577a 450000500170000001000150001702000270003203500140005903700090007308200120008224500980009426000420019227000220023430000210025670000170027720220204111512.0 aENG-131401 a9789195398645c2500.00 aEN-114933 bDBAD a631.581 aSuccess Stories:bA Journey of Stakehholders in Protected Cultivation/cEdited by Naved Sabir aNew DelhibPentimer Publicationc2021 bNew Delhie110044 a176p.c25cm(hbk) aSabir, Naved